000 00956cam a2200277 a 4500
001 16452223
003 OSt
005 20230902134952.0
008 100909s2011 nyua b 001 0 eng
010 _a 2010038672
020 _a9780415326308 (pbk.)
020 _a9780415326292 (hbk.)
020 _a9788138705685
020 _a9780203505076 (ebook)
040 _aDLC
_cDLC
_dDLC
050 0 0 _aHB139
_b.C479 2011
082 0 0 _a330.015195
_bCHI/A
100 1 _aChipman, John Somerset,
_d1926-
_99399
245 1 0 _aAdvanced econometric theory /
_cJohn S. Chipman.
260 _aNew York :
_bRoutledge,
_c2011.
300 _axiv, 393 p. :
_bill.
_c25 cm.
650 0 _aEconometrics.
906 _a7
_bcbc
_corignew
_d1
_eecip
_f20
_gy-gencatlg
942 _2ddc
_cBK
_h330.015195
_iCHI/A
_k330.015195
_mCHI/A
999 _c42069
_d42069